| 000 | 00922cab a2200265 4500 | ||
|---|---|---|---|
| 001 | ABS59368 | ||
| 008 | 090401t1998 xxu||||| |||| 00| 0 eng d | ||
| 035 | _a(Sirsi) u88742 | ||
| 041 | _aeng | ||
| 100 | _aNichols, M. | ||
| 245 | _aTake care over stamp duty avoidance schemes | ||
| 260 | _c1998 | ||
| 350 | _a0 | ||
| 490 |
_aProperty Week _v63(19) 4 September 1998, 35(1) |
||
| 520 | _aArgues that with stamp duty at an all time high at 3 per cent on property sales, the property industry needs to ensure that the government doesn`t view stamp duty as a cheap way of raising revenue. The last two increases have provided as much revenue as the entire inheritance tax take. | ||
| 650 | _aAVOIDANCE SCHEMES | ||
| 650 | _aPARINV V IRC | ||
| 650 | _aPROPERTY INDUSTRY | ||
| 650 | _aPROPERTY SALES | ||
| 650 | _aREVENUE | ||
| 650 | _aSTAMP DUTY | ||
| 690 | _aTAXATION | ||
| 942 | _n0 | ||
| 948 | _c30/09/1998 | ||
| 999 |
_c56096 _d56096 |
||